MANJAMARANGAL CHUTTILUM (Record no. 136332)
[ view plain ]
| 000 -LEADER | |
|---|---|
| fixed length control field | 00463nam a22001697a 4500 |
| 003 - CONTROL NUMBER IDENTIFIER | |
| control field | OSt |
| 005 - DATE AND TIME OF LATEST TRANSACTION | |
| control field | 20241016122620.0 |
| 008 - FIXED-LENGTH DATA ELEMENTS--GENERAL INFORMATION | |
| fixed length control field | 241016b |||||||| |||| 00| 0 eng d |
| 040 ## - CATALOGING SOURCE | |
| Transcribing agency | SBCL |
| 082 ## - DEWEY DECIMAL CLASSIFICATION NUMBER | |
| Classification number | 894.812 |
| Item number | RAS-F |
| 100 ## - MAIN ENTRY--PERSONAL NAME | |
| Personal name | A S, PRIYA |
| 245 ## - TITLE STATEMENT | |
| Title | MANJAMARANGAL CHUTTILUM |
| 260 ## - PUBLICATION, DISTRIBUTION, ETC. | |
| Place of publication, distribution, etc. | THRISSUR |
| Name of publisher, distributor, etc. | DC BOOKS |
| 300 ## - PHYSICAL DESCRIPTION | |
| Extent | 68 P. |
| 650 ## - SUBJECT ADDED ENTRY--TOPICAL TERM | |
| Topical term or geographic name entry element | Literatures of other languages |
| 942 ## - ADDED ENTRY ELEMENTS (KOHA) | |
| Koha item type | BOOK |
| 650 ## - SUBJECT ADDED ENTRY--TOPICAL TERM | |
| Source of heading or term | Altaic, Uralic, Hyperborean & Dravidian |
| Form subdivision | Literature & rhetoric |
| Withdrawn status | Lost status | Source of classification or shelving scheme | Damaged status | Not for loan | Home library | Current library | Date acquired | Cost, normal purchase price | Total Checkouts | Full call number | Barcode | Date last seen | Price effective from | Koha item type |
|---|---|---|---|---|---|---|---|---|---|---|---|---|---|---|
| Dewey Decimal Classification | SB LIBRARY | SB LIBRARY | 16/10/2024 | 42.00 | 894.812 RAS-F | 00109973 | 16/10/2024 | 16/10/2024 | BOOK |